Octagon Overseas Ltd and Ors v Unsdorfer and Ors (Record no. 121770)

MARC details
000 -LEADER
fixed length control field 01259nas a22002057a 4500
007 - PHYSICAL DESCRIPTION FIXED FIELD--GENERAL INFORMATION
fixed length control field ta
008 - FIXED-LENGTH DATA ELEMENTS--GENERAL INFORMATION
fixed length control field 230828e20231221xxk||||os||||o00| 0 eng d
041 ## - LANGUAGE CODE
Language code of text/sound track or separate title eng
245 ## - TITLE STATEMENT
Title Octagon Overseas Ltd and Ors v Unsdorfer and Ors
260 ## - PUBLICATION INFORMATION
Place of publication [2023] FTT LON/00BG/HYI/2023/0022
Publisher First-Tier Tribunal Property Chamber (Residential Property)
Date 21 December 2023
520 ## - ABSTRACT
Abstract Residential Property Tribunal Decision of Judge Vance and Judge Nicola Rushton KC on 21 December 2023 regarding property Canary Riverside Estate Westferry Circus, London E14 seeking determinations under s.75(1) Building Safety Act 2022 (“BSA 2022”) as to who: <br/>(a) is, or are, Accountable Persons (“APs”) as defined in s.72 of that Act in respect of higher-risk buildings at the Canary Riverside Estate (“the Estate”); <br/>(b) and (b) who is the Principal Accountable Person for the Estate<br/><br/>
650 ## - KEYWORDS
Keywords BUILDING SAFETY ACT 2022
650 ## - KEYWORDS
Keywords FIRE SAFETY
650 ## - KEYWORDS
Keywords HIGHER-RISK BUILDING
650 ## - KEYWORDS
Keywords LANDLORD AND TENANT
650 ## - KEYWORDS
Keywords PRINCIPAL ACCOUNTABLE PERSON
650 ## - KEYWORDS
Keywords JUDGMENT
651 ## - SUBJECT ADDED ENTRY--GEOGRAPHIC NAME
Geographic name United Kingdom
856 ## - ONLINE RESOURCE
Uniform Resource Identifier https://assets.publishing.service.gov.uk/media/659ff525e96df5000df844bd/20231221_Canary_Riverside_AP_Decision_Final.pdf
Public note Available from FTT
Holdings
Withdrawn status Lost status Damaged status Koha normalized classification for sorting Not for loan Home library Current library Shelving location Date acquired Total Checkouts Full call number Date last seen Price effective from Koha item type
      ONLINE_JUDGMENT   Virtual Virtual Online 15/01/2024   ONLINE JUDGMENT 15/01/2024 15/01/2024 Law report